Statistics for Asian Airport Codes #1

Click here to take the quiz!

General Stats

  • This quiz has been taken 18 times
  • The average score is 10 of 15

Answer Stats

CodeAnswer% Correct
DELDelhi Indira Gandhi
94%
DXBDubai International
94%
SINSingapore Changi
94%
NRTTokyo Narita
94%
JEDJeddah King Abdulaziz
81%
KULKuala Lumpur International
81%
TLVTel Aviv Ben Gurion
81%
ICNSeoul Incheon
75%
KHIKarachi Jinnah
63%
PKXBeijing Daxing
50%
CGKJakarta Soekarno-Hatta
50%
ALAAlmaty International
44%
RGNYangon International
31%
PUSBusan Gimhae
25%
UBNNew Ulaanbaatar International/Ulaanbaatar Chinggis Khaan
25%

Score Distribution

Percentile by Number Answered

Percent of People with Each Score

Your Score History

You have not taken this quiz